Evaluación y poder /
Guardat en:
| Autor principal: | |
|---|---|
| Format: | Text |
| Etiquetes: |
Afegir etiqueta
Sense etiquetes, Sigues el primer a etiquetar aquest registre!
|
MARC
| LEADER | 00000 a a2200000 04500 | ||
|---|---|---|---|
| 001 | 17382 | ||
| 003 | |||
| 040 | |||
| 100 | |a Pardo Angulo, Marta Eugenia | ||
| 245 | |a Evaluación y poder / |c Marta Eugenia Pardo Angulo | ||
| 773 | |g número 4; páginas 279-307 | ||
| 999 | |c 20381 |d 20381 | ||
